000 00974nam0a2200277 4500
001 RU\NLR\bibl\1279363
005 20250615140717.0
010 _a978-5-98150-238-5
_95000
021 _aRU
_b2008-61482
_93465
035 _a(NLR Aleph) 001265153
090 _a403927
_c403929
100 _a20081001d2008 |||y0rusy50 ca
101 1 _arus
_chun
102 _aRU
105 _aa |||||||||
200 1 _aОригинальные скатерти узоры...
_eвяжем крючком
_eузоры, модеди, техника
_eперевод с венгерского
_f[отв. ред. Е. Зуевская]
210 _aМосква
_cКонтэнт
_d2008
215 _a32 с., [4] с. цв. ил.
_cил.
_d29
606 1 _aВязание крючком
_92079518
_3RU\NLR\auth\661255404
686 _aМ483
702 1 _aЗуевская
_bЕ.
_4340
801 0 _aRU
_bNLR
_c20081001
_gRCR
801 1 _aRU
_bNLR
_c20081001
942 _cBOOK
980 _aNB